00410nam a22001457a 450000500170000000800410001702000130005804100120007108200130008310000130009624500430010926000570015230000290020965000260023820240228065929.0240228b |||||||| |||| 00| 0 eng d a10233806 aEnglish a349 BUT  lEnglish  aButterworths Law Reports : Labour Law  aDurban : bButterworth Publishers (Pty) Ltd, c2002  bxix, 118 pages c25 cm.  aLegal practice bLaw